Best practice procurement : public and private sector perspectives / (Record no. 702)

000 -LEADER
fixed length control field 01070cam a22002654a 4500
001 - CONTROL NUMBER
control field 12105059
003 - CONTROL NUMBER IDENTIFIER
control field OSt
005 - DATE AND TIME OF LATEST TRANSACTION
control field 20140116120835.0
008 - FIXED-LENGTH DATA ELEMENTS--GENERAL INFORMATION
fixed length control field 000713s2001 enka b 001 0 eng
020 ## - INTERNATIONAL STANDARD BOOK NUMBER
International Standard Book Number 9780566083662
040 ## - CATALOGING SOURCE
Transcribing agency DLC
050 00 - LIBRARY OF CONGRESS CALL NUMBER
Classification number HD38.5.B47 2001
245 00 - TITLE STATEMENT
Title Best practice procurement : public and private sector perspectives /
Statement of responsibility, etc edited by Andrew Erridge, Ruth Fee, and John McIlroy.
260 ## - PUBLICATION, DISTRIBUTION, ETC. (IMPRINT)
Place of publication, distribution, etc Aldershot :
Name of publisher, distributor, etc Gower,
Date of publication, distribution, etc 2001.
300 ## - PHYSICAL DESCRIPTION
Extent xxv, 257 p. :
Other physical details ill.
504 ## - BIBLIOGRAPHY, ETC. NOTE
Bibliography, etc Includes bibliographical references and index.
650 #0 - SUBJECT ADDED ENTRY--TOPICAL TERM
Topical term or geographic name as entry element Business logistics.
650 #0 - SUBJECT ADDED ENTRY--TOPICAL TERM
Topical term or geographic name as entry element Delivery of goods
General subdivision Management.
700 1# - ADDED ENTRY--PERSONAL NAME
Personal name Erridge, Andrew.
700 1# - ADDED ENTRY--PERSONAL NAME
Personal name Fee, Ruth.
700 1# - ADDED ENTRY--PERSONAL NAME
Personal name McIlroy, John,
Dates associated with a name 1973-
710 2# - ADDED ENTRY--CORPORATE NAME
Corporate name or jurisdiction name as entry element International Purchasing and Supply Education Research Association.
Subordinate unit Conference
Number of part/section/meeting (8th :
Date of meeting or treaty signing 1999 :
Location of meeting Belfast, Ireland and Dublin, Ireland)
942 ## - ADDED ENTRY ELEMENTS (KOHA)
Source of classification or shelving scheme
Koha item type Book
Holdings
Withdrawn status Lost status Source of classification or shelving scheme Damaged status Not for loan Home library Current library Date acquired Source of acquisition Total Checkouts Total Renewals Full call number Barcode Date last seen Date checked out Copy number Price effective from Koha item type
          Riara University Library Riara University Library 27/10/2011 Purchase 3 1 HD38.5.B47 2001 1443/11 30/01/2017 08/07/2016 C.1 27/10/2011 Book
          Riara University Library Riara University Library 27/10/2011 Purchase 5   HD38.5.B47 2001 1444/11 07/11/2017 31/10/2017 C.2 27/10/2011 Book
          Riara University Library Riara University Library 17/09/2012 Purchase 1   HD38.5.B47 2001 1445/11 28/05/2013 28/05/2013 C.3 17/09/2012 Book

Riara University Library,
P.O. Box 49940-00100,
Nairobi, Kenya.